Statistics for 5 Largest Cities In The World (M-N-O)

Click here to take the quiz!

General Stats

  • This quiz has been taken 58 times
  • The average score is 11 of 15

Answer Stats

COUNTRYPOPULATIONCITY% Correct
Mexico12,294,193Mexico City
100%
Spain3,255,944Madrid
98%
Russia10,381,222Moscow
98%
United States8,175,133New York City
98%
Australia4,246,375Melbourne
96%
India12,691,836Mumbai
96%
Kenya2,750,547Nairobi
96%
Japan2,592,413Osaka
95%
China7,165,292Nanjing
79%
Burkina Faso1,086,505Ouagadougou
68%
Russia1,129,281Omsk
61%
China3,491,597Ningbo
32%
Sudan1,200,000Omdurman
26%
China1,940,653Ordos
7%
China7,150,000Nanchong
5%

Score Distribution

Percentile by Number Answered

Percent of People with Each Score

Your Score History

You have not taken this quiz